NMR Imaging of Materials

Salvato in:
Dettagli Bibliografici
Autore principale: Blümich, Bernhard (Autore)
Natura: Libro
Lingua:inglese
Pubblicazione: New York : Oxford University Press, 2001
Edizione:1. vyd.
Soggetti:
Tags: Aggiungi Tag
Nessun Tag, puoi essere il primo ad aggiungerne!!

MARC

LEADER 00000nam a22000003a 4500
001 stu73006
005 20150617225646.9
008 011217s2001----xxu-----------------eng-d
020 |a 0 19 850683 X 
040 |a STU  |b slo 
041 0 |a eng 
044 |a xxu 
080 |a 620.22 
080 |a 543.429.23  |7 A000001789 
100 1 |a Blümich, Bernhard  |4 aut 
245 1 |a NMR Imaging of Materials 
250 |a 1. vyd. 
260 |a New York :  |b Oxford University Press,  |c 2001 
300 |a 541 s 
650 7 |a vedy materiálové  |2 stusub 
650 7 |a Rezonancia magnetická nukleárna  |2 stusub 
996 |b 284M033748  |c M*10842-1  |l MMKN  |s A  |a 24  |w stu73006_0001